Politik dobré vůle : život a dílo msgre Jana Šrámka /
Uložené v:
| Hlavní autori: | , , |
|---|---|
| Médium: | Kniha |
| Jazyk: | Czech |
| Vydané: |
V Praze :
Vyšehrad,
2013.
|
| Vydanie: | Vyd. 1. |
| Témy: | |
| ISBN: |
9788074293450 (viaz.) |
| Fyzický popis: |
460 s. : faksim., fotogr., il., portréty ; 25 cm. |
| Tagy: |
Pridať tag
Žiadne tagy, Buďte prvý kto otaguje tento záznam!
|
Titul je dostupný aj v ... 

MARC
| LEADER | 00000nam a2200000 a 4500 | ||
|---|---|---|---|
| 001 | 000443521 | ||
| 005 | 20140307111419.0 | ||
| 008 | 131111s2013 xr achoe 001 0bcze d | ||
| 020 | |a 9788074293450 (viaz.) | ||
| 040 | |a SVKKK |b slo |c SVKKK |e AACR2 | ||
| 041 | 0 | |a cze |b eng | |
| 043 | |a e-xr--- | ||
| 044 | |a xr |c CZ | ||
| 072 | 7 | |a 322 |x Politika a náboženstvo. Vzťahy medzi cirkvou a štátom |2 konspekt | |
| 072 | 7 | |a 929 |x Biografie |2 konspekt | |
| 080 | |a 32-051 |2 2001 | ||
| 080 | |a 272-726.3 |2 2001 | ||
| 080 | |a 272 |2 2001 | ||
| 080 | |a 329.3 |2 2001 | ||
| 080 | |a 27-662:3 |2 2001 | ||
| 080 | |a 322:27-67 |2 2001 | ||
| 080 | |a 322 |2 2001 | ||
| 080 | |a 323.28 |2 2001 | ||
| 080 | |a (437.3) |2 2001 | ||
| 080 | |a (048.8) |2 2001 | ||
| 100 | 1 | |a Trapl, Miloš, |d 1935- | |
| 245 | 1 | 0 | |a Politik dobré vůle : |b život a dílo msgre Jana Šrámka / |c Miloš Trapl, Karel Konečný, Pavel Marek. |
| 250 | |a Vyd. 1. | ||
| 260 | |a V Praze : |b Vyšehrad, |c 2013. | ||
| 300 | |a 460 s. : |b faksim., fotogr., il., portréty ; |c 25 cm. | ||
| 500 | |a Edič. poznámka | ||
| 500 | |a Portrét na fronte | ||
| 504 | |a Bibliografia: s.: 415-445; bibl. odkazy; register menný: s. 451-460 | ||
| 546 | |a Resumé angl. | ||
| 600 | 1 | 7 | |a Šrámek, Ján, |d 1870-1956 |2 SVKKKMA |
| 648 | 7 | |a 1870-1956 |2 SVKKKPH | |
| 648 | 7 | |a 19.-20. stor. |2 SVKKKPH | |
| 650 | 0 | 7 | |a politici |2 SVKKKPH |
| 650 | 0 | 7 | |a katolícki kňazi |2 SVKKKPH |
| 650 | 0 | 7 | |a katolicizmus |2 SVKKKPH |
| 650 | 0 | 7 | |a kresťansko-demokratické strany |2 SVKKKPH |
| 650 | 0 | 7 | |a kresťanstvo a spoločnosť |2 SVKKKPH |
| 650 | 0 | 7 | |a kresťanstvo a politika |2 SVKKKPH |
| 650 | 0 | 7 | |a štát a cirkev |2 SVKKKPH |
| 650 | 0 | 7 | |a politická perzekúcia |2 SVKKKPH |
| 655 | 7 | |a monografie |2 SVKKKPH | |
| 700 | 1 | |a Konečný, Karel, |d 1965- |4 aut | |
| 700 | 1 | |a Marek, Pavel, |d 1949- |4 aut | |
| 910 | |a svkkk | ||
| 919 | |a 978-80-7429-345-0 | ||
| 998 | |a BK | ||
| 090 | |g SCKHL |k Sklad Hlavná 10 prízemie |a IV.219230 |j 1050805 |i 2720308554 |s Absenčne | ||